Uruguay : sociedad, política y cultura: de la restauración democrática a la integración regional. ,
Guardat en:
| Format: | Desconegut |
|---|---|
| Idioma: | Spanish |
| Col·lecció: | (Colección ExtemAmerica)
|
| Matèries: | |
| Etiquetes: |
Afegir etiqueta
Sense etiquetes, Sigues el primer a etiquetar aquest registre!
|
MARC
| LEADER | 000000000a22000000004500 | ||
|---|---|---|---|
| 001 | 003571 | ||
| 020 | |a 8492181818 | ||
| 041 | 0 | |a spa | |
| 082 | 0 | 4 | |a 989.9 |b U76u |
| 245 | 0 | 0 | |a Uruguay : |b sociedad, política y cultura: de la restauración democrática a la integración regional. , |c 1998. |
| 300 | |a 362 páginas | ||
| 490 | 1 | |a (Colección ExtemAmerica) | |
| 650 | 4 | |a URUGUAY | |
| 650 | 4 | |a HISTORIA | |
| 650 | 4 | |a SIGLO XX | |
| 999 | |c 10070 |d 10070 | ||
| 942 | |c BK |h 989.9 U76u |2 z | ||



